00505nam a22001457a 4500020001800000082001600018100002100034245007400055260004400129300000800173650001700181942000700198952013700205999001700342 a9781845115944 a955.054 TAZ aTazini, Ghoncheh aKhatami's Iran: The Islamic Republic and the Turbulent Path to Reform aNew YorkbTauris Academic Studiesc2010 a210 aHistory-Iran cBK 001040708NFICaHMIbHMIcGENd2020-09-15eDasgupta Publishers, Kolkatag395.00l0o955.054 TAZp25804r2020-09-25w2020-09-25yBK c23120d23120